000 00264nam a2200109Ia 4500
008 200302s9999 xx 000 0 und d
100 _aShailesh Kudtarkar
245 _aTo Successful Waterproofing
260 _bXailex Publication
260 _c2015
300 _a124 P
999 _c4322
_d4322